000 00485nam a2200169Ia 4500
999 _c35408
_d35408
003 OSt
005 20200114101318.0
008 190216s9999||||xx |||||||||||||| ||und||
040 _coclc
082 _a658.314
_bNAY/G
100 _aNayar H
245 0 _aGuide To Labour Management /
_cH Nayar
260 _bFree India Law Corporation,
_c1980.
_aNew Delhi :
300 _a167p
650 _aLabour Management
942 _cBK
_2ddc
_h658.314
_iNAY/G
_k658.314
_mNAY/G